| 000 | 00835nam a2200229 i 4500 | ||
|---|---|---|---|
| 003 | DO-SdBNP | ||
| 005 | 20230913141233.0 | ||
| 007 | ta | ||
| 008 | 230913b1938 dr ||||| |||| 00| 0 spa d | ||
| 040 |
_aDO-SdBNP _bspa _cBNPHU _erda |
||
| 082 | 4 | _222 | |
| 245 | 0 | 0 | _aSinodo diocesano de la arquidiocesis de Santo Domingo |
| 264 |
_aCiudad Trujillo, República Dominicana : _bFranciscana, _c1938. |
||
| 300 |
_a130 páginas ; _c20 cm. |
||
| 336 |
_2rdacontent _atexto _btxt |
||
| 337 |
_2rdamedia _asin mediación _bn |
||
| 338 |
_2rdacarrier _avolumen _bnc |
||
| 500 | _aCelebrado bajo la prelacía del llmo. y rvmo. se{or arzobispo don Ricardo Pittini, en la santa basílica metropolitana, los días 20,21, y 22 del mes de abril del año del señor 1938. | ||
| 590 | _aInventariado, 2023/BT | ||
| 910 | _aBtavárez | ||
| 942 |
_2ddc _cLBS1 |
||
| 999 |
_c54734 _d54734 |
||